Logo Biblioteca

América aborigen : (Registro nro. 75)

Detalles MARC
000 -LEADER
fixed length control field 03123nam a22002177a 4500
003 - CONTROL NUMBER IDENTIFIER
control field OSt
005 - DATE AND TIME OF LATEST TRANSACTION
control field 20240510103400.0
008 - FIXED-LENGTH DATA ELEMENTS--GENERAL INFORMATION
fixed length control field 230914s2022 ag ||||| |||| 00| 0 spa d
020 ## - INTERNATIONAL STANDARD BOOK NUMBER
International Standard Book Number 9789876293457
040 ## - CATALOGING SOURCE
Language of cataloging spa
Transcribing agency besoc
100 1# - MAIN ENTRY--PERSONAL NAME
Personal name Mandrini, Raúl
Relator term autor
245 10 - TITLE STATEMENT
Title América aborigen :
Remainder of title de los primeros pobladores a la invación europea /
Statement of responsibility, etc. Raúl Mandrini
250 ## - EDITION STATEMENT
Edition statement 3a ed.
260 ## - PUBLICATION, DISTRIBUTION, ETC.
Place of publication, distribution, etc. Buenos Aires :
Name of publisher, distributor, etc. Siglo Veintiuno,
Date of publication, distribution, etc. 2022
300 ## - PHYSICAL DESCRIPTION
Extent 287 p.
490 ## - SERIES STATEMENT
Series statement Biblioteca básica de historia / dirigida por Luis Alberto Romero
505 ## - FORMATTED CONTENTS NOTE
Formatted contents note Presentación. El historiador y el mundo Indígena -- 1. Construir la historia del mundo prehispánico -- 2. América en el momento de la invasión europea: un mundo en movimiento -- 3. De la llegada al continente al surgimiento de las sociedades aldeanas -- 4. Los inicios de un nuevo orden social (c. 3000 a.C. -800 a.C.) -- 5. El surgimiento de las primeras civilizaciones (800 a. C -300 a.C) -- 6. Consolidación de las sociedades urbanas (c. 300 a.C. -250 d.C.) -- 7. El desarrollo de los estados regionales (c. 250 d.C, -700 d.C) -- 8. Integraciones regionales y experiencias imperiales (c. 700 d.C-1150 d.C) -- 9. Interregnos: reajustes y nuevos caminos (c. 1150-1450) -- 10. Los grandes estados imperiales: incas y mexica (c. 1450-1530) -- Epilogo. El mundo trastocado -- Anexo -- Bibliografía breve.-
520 ## - SUMMARY, ETC.
Summary, etc. En los momentos iniciales de la invasión europea, los pueblos originarios americanos llevaban ya varios milenios viviendo en el continente. Sin embargo, con pocas excepciones, estos pueblos quedaron fuera de la historia, relegados al silencio, al abandono y al olvido.<br/>Pero los tiempos cambiaron, y los historiadores (al menos algunos) también. Alentado por ese contexto, por los impresionantes avances de la investigación arqueológica y la disponibilidad de un mayor número de testimonios, Raúl Mandrini se propone recuperar una historia mal conocida, cuando no expresamente borrada, sobre la vida de los aborígenes americanos antes de la llegada de los europeos. Así, desde el poblamiento temprano del continente, el autor da cuenta de esas sociedades, que enfrentaron los desafíos de su entorno, elaboraron respuestas originales, diversificaron sus modos de existencia, reorganizaron muchas veces su vida social, económica y política para acomodarse a los cambios medioambientales, y produjeron complejas y sofisticadas manifestaciones estéticas e intelectuales.<br/>Este libro reúne y sistematiza un vigente volumen de información actualizada sobre la vida de numerosas comunidades durante un período extenso y a lo largo de todo el continente. Junto a la originalidad de su enfoque, este monumental esfuerzo de síntesis hace de América aborigen una obra de referencia única. Echando por tierra supuestos largamente aceptados, sus paginas tienen el doble merito de reinsertar en la historia un amplio y prolífico campo del conocimiento, e incluir en el gran relato de la humanidad a los pueblos, sociedades y culturas ignorados. [Nota del editor]
650 #4 - SUBJECT ADDED ENTRY--TOPICAL TERM
Topical term or geographic name entry element Historia
Geographic subdivision América
General subdivision Prehispánica
942 ## - ADDED ENTRY ELEMENTS (KOHA)
Source of classification or shelving scheme Universal Decimal Classification
Koha item type Libro de préstamo a domicilio
Suppress in OPAC No
Existencias
Withdrawn status Lost status Source of classification or shelving scheme Damaged status Not for loan Collection Home library Current library Date acquired Total checkouts Full call number Barcode Date last seen Price effective from Koha item type
    Library of Congress Classification     Colección General Biblioteca Escuela de Ciencias Sociales Biblioteca Escuela de Ciencias Sociales 14/09/2023   94(7+8) M273 000808 14/09/2023 14/09/2023 Libro de préstamo a domicilio
Biblioteca de la Escuela Preuniversitaria en Ciencias Sociales y Humanísticas.
Riobamba 250 bis.
CP 2000 - Rosario - Santa Fe
E-Mail: biblioteca@esociales.unr.edu.ar